000 00836cam a2200313 a 4500
001 4461468
003 LC
005 20160314111715.0
008 870804r19871973nyu 000 1 eng
010 _a87015237
020 _a0451182405
035 _a(OCoLC)478742048
035 _a(OCoLC)ocn478742048
035 _a(NNC)4461468
040 _dNNUT
050 1 _aPS 3563 .O8749
_b.M878 1973
082 _aFIC
_bM831s 1973
090 _aPS3563.O8749
_bS8 1987
100 1 _aMorrison, Toni.
_920396
245 1 0 _aSula /
_cToni Morrison.
260 _aNew York :
_bNew American Library,
_cc1973.
300 _a174 p. :
_c18 cm.
650 _aAfrican American women -- Fiction.
650 _aCity and town life -- Fiction.
650 _aFemale friendship -- Fiction.
942 _2lcc
_cBK
999 _c11579
_d11579